000 00507nam a2200169 i 4500
001 46476
003 ES-MaACL
005 20230906161405.0
007 t|
008 030331s1971 sp ||||1| spa d
110 0 0 _aEspaƱa.
_tLeyes, etc.
_9184149
245 1 0 _aComercio
_b: Orden de 24 de julio de 1971 por la que se aprueba la Ordenanza de trabajo para el comercio.
260 _aMadrid :
_bSegura,
_c[1971]
300 _a78 p. ;
_c16 cm.
852 _aES-MaACL
_jC-47706
_bR.81056
999 _c46476
_d46476